000 00527nam a2200193Ia 4500
005 20210119134028.0
008 131103s9999 xx 000 0 und d
020 _cRs.5
040 _aLoreto College
041 _aEnglish
082 _a954.04
_bIND
245 4 _aThe nineteenth year of freedom
_b 1965 - 66
_ceditor P.N.Vesuvala
260 _aNew Delhi
_bAll India Congress Committee
_c[19 -?]
300 _axix,760 p.
650 _aModern Indian History
700 _aVasuvala,P.N;ed.
850 _aLCLIB
942 _cBK
999 _c10003
_d60482